000 01121cam a2200229 4500
001 WB4019-01
008 040518n2004 000 0 eng u
035 _a(Sirsi) u126223
245 _aHouse building: January to March quarter 2004
260 _c2004
490 _aODPM Statistical Release
_v(2004/0122) 13 May 2004 (3)
520 _aGives information on new house building starts and completions in England and Wales for the three months to March 2004. There were 42 100 housing starts which was up 4% on the same period last year and 31 900 completions. In the UK during 2002/03 there were 195 000 starts and 184 000 completions. Completions were up on the previous year particularly in England and Northern Ireland. With charts of housing statistics by region. For the statistical release: http://www.odpm.gov.uk/pns/DisplayPN.cgi?pn_id=200 4_0122
590 _aWB
590 _aWB
650 _aHOUSING STARTS
650 _aHOUSING COMPLETIONS
650 _aSOUTHEAST ENGLAND
650 _aNORTHERN IRELAND
650 _aHOUSE BUILDING
690 _aBUILDING AND CONSTRUCTION-MARKET
942 _n0
999 _c117366
_d117366